000 00374nam a22001457a 4500
020 _qHB.
040 _c FIZZA ISHAQ
082 _a115.00
_bBRA
100 _aDAS,M BARAJA.
_9109873
245 _aSHALLOW FOUNDATIONS BEARING CAPACITY & SETTLEMENT /
_cBRAJA M DAS.
250 _a3RD EDI.
260 _aNEW YORK ;
_bCRC PRESS,
_c2017.
300 _a384 P. ;
942 _2ddc
_cBK
999 _c593523
_d593523